Medzinárodná spolupráca Lesníckej ochranárskej služby SR

Bibliographic Details
Main Authors: Zúbrik, Milan, 1966- (Author), Turčáni, Marek, 1965- (Author), Leontovyč, Roman, 1930-1994 (Author)
Format: Article
Language:Slovak
PhysicalDescription:Fotogr.
ISSN:0323-0996
Subjects:

MARC

LEADER 00000nab a2200000 a 4500
001 vtls000706173
003 SK-MaSNL
005 20260304172721.0
008 250526c1999 xo 0 slo
015 |a SNBRB1999/10-25008 
035 |a CLN000058340 
035 |a urn:nbn:sk:snk-ab2671 
035 |a (urnnbn)urn:nbn:sk:snk:ar-a01qkz 
035 |a (uuid)9fbf897a-3f0a-45a7-b402-a980bfde3943 
040 |a SNKBUCL  |b slo  |c SNKBUCL  |e AACR2 
041 0 |a slo 
044 |a xo  |c SK 
080 |a 630:061.62(437.6)  |2 1997 
080 |a 630 4(437.6:438)  |2 1997 
080 |a 630 4(438:437.6)  |2 1997 
100 1 |a Zúbrik, Milan,  |d 1966-  |4 aut  |9 117050 
245 1 0 |a Medzinárodná spolupráca Lesníckej ochranárskej služby SR  |c M. Zúbrik, M. Turčáni, R. Leontovyč 
300 |b Fotogr. 
610 2 7 |a Lesnícky výskumný ústav (Zvolen, Slovensko).  |b Lesnícka ochranárska služba  |2 snkbucl  |9 235731 
650 0 7 |a lesy  |x ochrana  |z Slovensko  |z Poľsko  |x spolupráca  |2 snkbucl  |9 1502383 
651 7 |a Banská Štiavnica (Slovensko)  |2 snkbucl  |9 16373 
655 7 |a články z novín a časopisov  |2 snkbucl  |9 267496 
700 1 |a Turčáni, Marek,  |d 1965-  |4 aut  |9 27416 
700 1 |a Leontovyč, Roman,  |d 1930-1994  |4 aut  |9 27055 
773 0 |t Les  |g Roč. 55, č. 8 (1999), s. 14-15  |x 0323-0996 
850 |a Slovenská národná knižnica 
852 |a Slovenská národná knižnica 
954 |a odborná, vedecká literatúra pôvodná (slovenská)  |2 lita 
957 |a 611 
958 |a ONDV 
958 |a article2022 
958 |a SK 
958 |a PL 
992 |a RBX 
999 |c 2999863  |d 3001793